|
|
|
|
| LEADER |
00000nam a2200000 a 4500 |
| 001 |
UCG5510 |
| 003 |
CL-VaPUC |
| 008 |
110310e20100000MX |||||||||||||||||spa|d |
| 020 |
|
|
|a 9786070301308
|
| 082 |
0 |
4 |
|a 701.17
|b FLO
|2 21
|
| 100 |
0 |
|
|a Fló, Juan
|e author
|9 555222
|
| 245 |
1 |
0 |
|a Imagen, ícono, ilusión: investigaciones sobre algunos problemas de la representación visual
|
| 250 |
|
|
|a 1a. ed
|
| 300 |
|
|
|a 201 p
|
| 942 |
|
|
|c BK
|
| 945 |
|
|
|d 20110310 00:00:00
|a dcastane
|
| 260 |
|
|
|a Cuernavaca
|b Siglo XXI
|c 2010
|
| 650 |
|
0 |
|a Estética
|9 264950
|
| 650 |
|
0 |
|a Crítica e interpretación
|9 255042
|
| 650 |
|
0 |
|a Filosofía
|9 223554
|
| 583 |
|
|
|a last modification
|c 20110310 00:00:00
|k Rodrigo Vera
|
| 999 |
|
|
|c 343987
|d 343985
|
| 952 |
|
|
|0 0
|1 0
|4 0
|6 701_170000000000000_FLO_2010
|7 0
|8 A
|9 441742
|a FDOPOS
|b FDOPOS
|d 2019-11-22
|i 4753615
|o 701.17 FLO 2010
|p 4753615
|r 2025-01-22
|w 2019-11-22
|y BK
|k DLH
|
| 952 |
|
|
|0 0
|1 0
|4 0
|6 701_170000000000000_FLO_2010
|7 0
|8 A
|9 441743
|a BIBEDU
|b BIBEDU
|c ES_NOD
|d 2019-11-22
|i 476496K
|l 5
|m 2
|o 701.17 FLO 2010
|p 476496K
|r 2023-08-09
|s 2022-09-20
|w 2019-11-22
|y BK
|k EPE
|
| 952 |
|
|
|0 0
|1 0
|4 0
|6 701_170000000000000_FLO_2010
|7 0
|8 A
|9 441744
|a BIBEDU
|b BIBEDU
|c ES_NOD
|d 2019-11-22
|i 4788249
|o 701.17 FLO 2010
|p 4788249
|r 2023-08-09
|w 2019-11-22
|y BK
|k EPE
|